000 01159 a2200169 4500
999 _c392
_d392
020 _a1850752710
050 _aBS1188 WES 1991
100 _aWestbrook, Raymond /
_eAuthor
245 _aProperty and the family in biblical law
_cRaymond Westbrook
264 _aSheffield
_bJSOT Press
_c1991
300 _a177p.
440 _aJournal for the study of the Old Testament. Supplement series 113
500 _a"Chapters 1-3 first appeared in Volume 6 of the Israel law review for 1971 (pp. 29-38, 209-25, and 367-75, respectively); Chapter 4 appeared in Volume 24 of the Revue internationale des droits de l'antiquit (̌3rd series) for 1977 (pp. 65-87); and Chapter 5 in Volume 32 of the same journal for 1985 (pp. 97-127). Chapter 6 was presented as a lecture to the Department of Civil Law of the University of Edinburgh in May 1990, and Chapter 7 was presented as a paper to the Society of Biblical Literature International Meeting in Sheffield, England, in August 1988."--Preface Includes bibliographical references (p. [165]-170) and indexes
650 _aProperty (Jewish law)
650 _aDomestic relations (Jewish law)
942 _2lcc
_cBK
_h1188
_iWES
_k1991